[Event "EU-ch 12th"]
[Site "Aix les Bains"]
[Date "2011.04.01"]
[Round "10"]
[White "Manea, Alexandru"]
[Black "Edouard, Romain"]
[Result "0-1"]
[WhiteElo "2392"]
[BlackElo "2600"]
[Annotator "Marchand,A/Primel,D"]
[PlyCount "70"]
[EventDate "2011.03.22"]
[EventType "swiss"]
[EventRounds "11"]
[EventCountry "FRA"]
[SourceTitle "CBM 142 Extra"]
[Source "ChessBase"]
[SourceDate "2011.06.27"]
[SourceVersion "1"]
[SourceVersionDate "2011.06.27"]
[SourceQuality "1"]

1. Nf3 (1. d4 Nf6 2. c4 e6 3. Nc3 Bb4 4. Qc2 c5 5. dxc5 Na6 6. a3 Bxc3+ 7. Qxc3
Nxc5 8. b4 Nce4 9. Qd4 d5 10. c5 b6 11. f3 {C'est la différence majeure avec
la partie}) 1... Nf6 2. c4 e6 3. Nc3 Bb4 4. d4 {Retombe sur une Nimzo-Indienne}
(4. Qc2) (4. g4) 4... c5 (4... d5) (4... b6) 5. dxc5 {Une ligne secondaire qui
n'est pas très dangereuse pour les Noirs} (5. e3 $142) (5. g3 $142) 5... Na6 {
Cette structure est plus courante avec la variante 4.Qc2 ou Qb3 au lieu de Nf3.
En ayant joué Nf3, les Blancs se privent de la possibilité de jouer f3 afin de
chasser le N après Na6c5e4} (5... Bxc3+) ({RR} 5... Nc6 6. Bd2 Bxc5 7. e3 b6 8.
a3 Be7 9. Be2 Bb7 10. O-O a6 11. Qc2 Qc7 12. Rfd1 O-O 13. Rac1 h6 14. h3 Rfd8
15. Qb1 Qb8 16. Be1 d6 {1/2-1/2 Legky,N (2505)-Kiselev,S (2495)/Russia 1995})
6. Bd2 O-O 7. e3 ({RR} 7. g3 Nxc5 8. Bg2 Bxc3 9. Bxc3 Nce4 10. Bxf6 Nxf6 11.
O-O d5 12. cxd5 Nxd5 13. Qd4 b6 14. e4 Nf6 15. e5 Nd5 16. Nd2 Qe7 17. Ne4 Bb7
18. Nd6 Rad8 19. f4 Ba8 20. a4 Nc7 21. Bxa8 Rxa8 {Kahn,E (2355)-Nemeth,M (2337)
/Budapest 2002/0-1 (39)}) 7... Nxc5 $11 8. Be2 d6 $146 (8... b6 9. O-O Bb7 10.
a3 Bxc3 11. Bxc3 d5 12. b4 {Slipak,S (2520)-Giaccio,A (2505) Buenos Aires zt 2.
5 2000 (7) 0-1}) 9. O-O Bd7 {Un peu bizarre dans une structure hérisson} (9...
b6 {Davantage dans l'esprit de la position} 10. Rc1 (10. Nb5 $6 Bxd2 11. Qxd2
Nce4 12. Qd3 a6) 10... Bb7 11. a3 Bxc3 12. Bxc3 Nce4 $132 {[%csl Ge4]}) 10. Nd4
a5 {[%csl Rb5]} (10... a6 {Plus naturel et "lapinews" suit un plan original}
11. Rc1 Ba5 12. Bf3 Qc7) (10... Bxc3 11. Bxc3 Nfe4 12. Be1 a6 13. f3) 11. Nb3
$6 (11. Qc2) 11... b6 (11... a4 $1 {Justifie davantage la poussée a5} 12. Nxc5
Bxc5 $15 {[%csl Rd2,Re2][%cal Gd8e7,Gd8b6]}) 12. Bf3 Rc8 13. Nxc5 $6 bxc5 $5 {
[%csl Rb2]} (13... Bxc5) 14. a4 $2 {Le roumain veut obtenir une case forte en
b5 pour son N mais c'est trés passif} (14. a3 $142 $1 Bxc3 15. Bxc3 Bc6 16.
Bxc6 Rxc6 17. Qf3 d5 18. Bxf6 Qxf6 19. Qxf6 gxf6 20. cxd5 exd5 21. Rac1 Rb8 {
L'activité des R noires compense la mauvaise structure mais les Blancs ont au
moins l'égalité dans cette finale.}) 14... Bc6 15. Bxc6 Rxc6 16. Nb5 d5 $1 {
Romain gagne de l'espace au centre et il a maintenant des meilleures
perspectives} 17. cxd5 exd5 18. Bc3 Bxc3 19. bxc3 (19. Nxc3 Re8 (19... d4 20.
exd4 cxd4 21. Qf3 Qb6 22. Nb5 Rd8)) 19... Ne4 {[%csl Ge4] Nettement plus actif
que le Nb5 qui n'est pas trés utile} 20. Qc2 Qh4 $36 {[%cal Gc6h6] Les Blancs
manquent de pièces pour défendre l'aile-roi} 21. Rad1 Rh6 $1 22. h3 Ng5 {
[%cal Gg5h3]} 23. Qf5 {Non seulement 14.a4 était une perte de temps mais le P
"a4" est trés faible maintenant...} Rf6 {[%csl Ra4]} 24. g3 $2 (24. Qg4) (24.
Qd7) 24... Qh5 25. Qxd5 Rf5 (25... Nxh3+ 26. Kg2 Rf5) 26. Qh1 Nxh3+ 27. Kg2
Qf3+ 28. Kh2 Qg4 29. f3 Qxa4 30. g4 Rf6 {[%cal Gf6h6]} 31. Nd6 Nf2 $1 32. Rxf2
Rh6+ {[%csl Rh1,Rh2]} 33. Kg3 Rxh1 34. Rxh1 Qb3 35. Rfh2 Qb8 {[%csl Rd6,Rg3]}
0-1

[Event "EU-ch 10th"]
[Site "Budva"]
[Date "2009.03.07"]
[Round "2"]
[White "Dobrov, Vladimir"]
[Black "Meier, Georg"]
[Result "0-1"]
[WhiteElo "2510"]
[BlackElo "2608"]
[Annotator "Meier,Georg"]
[PlyCount "78"]
[EventDate "2009.03.06"]
[EventType "swiss"]
[EventRounds "11"]
[EventCountry "MNE"]
[SourceTitle "CBM 130"]
[Source "ChessBase"]
[SourceDate "2009.05.20"]
[SourceVersion "1"]
[SourceVersionDate "2009.05.20"]
[SourceQuality "1"]

1. d4 e6 2. c4 Nf6 3. Nc3 Bb4 4. Qc2 O-O 5. a3 Bxc3+ 6. Qxc3 b6 7. Nf3 {
Während der EM hatte ich eine einfache Routine bei der Vorbereitung; abends
verschaffte ich mir einen Überblick über die Eröffnungen meines Gegners und
ging dann am nächsten Vormittag an die konkrete Vorbereitung der Varianten. Am
Abend vor dieser Partie stellte ich fest, dass dieses System das einzige ist
mit dem ich mich ernsthaft beschäftigen sollte, hatte das aber bis zum
nächsten Tag schon wieder vergessen... In letzter Zeit gewinne ich solche
Partien glücklicherweise häufig und lerne danach, wie die Eröffnung eigentlich
funktioniert...} ({Heutzutage wird man fast nur noch mit} 7. Bg5 {konfrontiert.
}) 7... Bb7 8. e3 Ne4 (8... d6 $5 9. Be2 (9. Bd3 Nbd7 10. O-O e5) 9... Nbd7 10.
O-O Ne4) 9. Qc2 f5 {[%csl Rb7,Gc1,Re1,Re4,Gf1,Rf5][%cal Rb7h1] Als
"Kompensation" für das Läuferpaar kontrolliert Schwarz die lange Diagonale und
schafft durch den Ne4 und das räumliche Übergewicht am Königsflügel
Vorraussetzungen für einen Königsangriff.} 10. Bd3 {Wohin der Läufer
entwickelt werden soll, ist Geschmackssache. Nach Bd3 kann Weiß den Ne4 mit
Nd2 nebst f3 vertreiben, während Weiß nach Be2 eher Ne1, f3 folgen lässt und
dabei dem Springer ein gutes Feld auf d3 lässt.} (10. Be2) 10... d6 11. O-O Nd7
(11... a5 $5) 12. b4 {Ich erinnerte mich hier an meine Partie aus dem
Länderkampf, in der ich zum ersten Mal mit diesem System konfrontiert gleich
einige Fehler beging und damit war klar, dass sich mein Gegner diese Stellung
vor der Partie genau angeschaut hatte. Ich hatte damals notiert, dass 12...Rf6
die normale Fortsetzung für Schwarz ist, allerdings ohne mich weiter damit
auseinanderzusetzen. Deshalb versuchte ich nun eine neue Idee zu finden, da
ich meinem Gegner nicht in die Vorbereitung laufen wollte.} (12. Nd2 Qh4 13. f3
Ng5 14. Rf2 Rf6 15. Nf1 Rg6 (15... Raf8 {/\e5|^}) 16. Kh1 c5) 12... Rc8 $5 $146
{Ich verstand, dass dieser Zug Ideen mit d4-d5 entkräftet, da nach der Öffnung
der Stellung nun nie der Pc7 hängt. Außerdem hat Schwarz nach dem natürlich
wirkenden Bb2 sofort genug Gegenspiel um auszugleichen. Und natürlich hängt
c7-c5 nun stets in der Luft. Das korrekte weiße Vorgehen fand ich erst in der
späteren häuslichen Analyse.} ({Tatsächlich verschäft sich die Stellung nach} 
12... Rf6 13. d5 exd5 {und ich stieß in der Nachbereitung auf zwei neue Ideen,
so dass mein Entschluss aus praktischer Sicht zweifellos richtig war.} 14. cxd5
(14. Bb2 Rg6 15. cxd5 Bxd5 16. Ne1 $5 $146 (16. Bc4 Bxc4 17. Qxc4+ Kh8 18. Qf7
$13) 16... Qg5 17. Bc4 Bxc4 18. Qxc4+ Kh8 19. Qxc7 $13) 14... Bxd5 15. Nd4 $5
$146 {/\f3}) (12... a5 13. Bb2 Ng5 14. Ne1 Nh3+ $6 15. Kh1 Qh4 $2 16. d5 Ng5
17. f4 Ne4 18. Nf3 $16 {0-1 Papin,V -Meier,G Neustadt 2008 (33)}) 13. a4 $6 {
Einleitung zu einer strategischen Fehlentscheidung.} (13. Bb2 Ng5 {Mit dem Bc1
kann Weiß hier stets auf g5 tauschen und f3 folgen lassen.} 14. Nd2 (14. Ne1 c5
15. f3 Qe7 $132 {[%csl Re1]}) 14... Nh3+ 15. Kh1 Qh4 16. f3 Nf2+ $11) (13. Nd2
$142 Qh4 14. f3 Ng5 15. c5 $1 {Weiß übernimmt die Initiative und richtet
einfach zu viel Schaden am Damenflügel an, wenn Schwarz alles auf den
Königsangriff setzt.} (15. Rf2 Rf6 16. Nf1 Rg6 17. Kh1 Ne4) (15. f4 Nh3+ 16.
gxh3 Rf6 17. d5 Qxh3 18. Kh1 Rg6 19. Rf2 Nf6 (19... exd5 20. cxd5 Nf6 21. Nf3
Bxd5 22. Bc4) 20. Nf3 b5) (15. Qa4 Nf6 16. Qxa7 Ng4 17. fxg4 Bxg2 18. Kxg2 fxg4
19. Qb7 g3 20. hxg3 Qh3+ 21. Kg1 Qxg3+ $11) (15. Bb2 Rf6) 15... Bd5 (15... dxc5
16. bxc5 bxc5 17. dxc5 $14) 16. Bb2 Rf6 17. cxd6 (17. g3 Qh3 18. cxd6 Rh6 19.
Rf2 Qh5 20. Bf1 Nf6 21. Rc1 Bxf3 22. d5 $16) 17... Rh6 18. Ba6 Qxh2+ 19. Kf2
Rh3 20. Ke2 Nxf3 21. Rf2 Nxd2 22. gxh3 Bf3+ 23. Kxd2 Qxf2+ 24. Kc3 Qxe3+ 25.
Qd3 $16) 13... c5 14. dxc5 $2 bxc5 15. b5 Rf6 $1 {Jetzt wird klar, was Weiß
angerichtet hat: Er kommt nicht mehr dazu, den Ne4 zu vertreiben und ihm fehlt
jegliches Gegenspiel, weil er den Damenflügel abgeriegelt hat. Seine
Bauernmehrheit wird im Mittelspiel nie eine Rolle spielen.} (15... e5 $6 16.
Nd2) 16. Bb2 (16. Nd2 Rh6 17. f3 Qh4 {mit durschlagendem Angriff.}) 16... Rg6 (
16... Rh6 $142) 17. Be2 Rh6 (17... Ng5 $2 18. Qd1 $1 {mit folgendem Abtausch
wäre eine erhebliche Entlastung für Weiß.} (18. Ne1 Nh3+ 19. Kh1 Qh4 20. Bf3 (
20. f3 Nf2+ 21. Kg1 Rh6) 20... Rh6 21. Bxb7 Ng1 22. h3 Nxh3 23. g3 Qh5)) 18.
Rad1 Qe7 {Schwarz hat Zeit, alle Kräfte am Königsflügel zu sammeln, bevor er
zum entscheidenden Angriff übergeht. Ich kann mir nicht vorstellen, wie Weiß
diese Stellung retten soll.} 19. g3 Rf8 20. Ne1 e5 (20... Ng5 21. f3 Nh3+ 22.
Kh1 g5 $17) 21. Bf3 Qf7 (21... Ndf6) 22. a5 Ndf6 23. a6 (23. Qe2 Qg6) (23. Bxe4
Qh5) 23... Ba8 24. Qe2 {Die Folgen von 24...Ng4 waren mir nicht ganz klar,
daher verfiel ich darauf, meinen Gegner für a5-a6 zu "bestrafen", indem ich c4
unter Beschuss nehme. Im Endeffekt zog ich es also vor, einen Bauern
anzugreifen, statt meinen Springer die Partie zu Ende bringen zu lassen... Ich
konnte ganz im Stile meiner vorherigen Züge mit Qf7-g6 Ng4 vorbereiten, wonach
Weiß nur noch der Exekution zusehen kann.} Nd7 $2 (24... Ng4 25. Bxe4 Bxe4 26.
h4 Qg6 $1 27. f3 $140 Nxe3 28. Qxe3 Qxg3+ 29. Ng2 Rxh4 30. Rxd6 Qh2+ 31. Kf2
Rh3) (24... Qg6 $1 {/\Ng4-+}) 25. Bg2 Nb6 26. Rc1 g5 {Der schwarze Vorteil ist
immer noch groß, aber ich muss nun von Neuem einen Angriff aufbauen.} (26...
Ng5) 27. f4 (27. Ba1 Qg6 28. Nf3 Qh5 29. Rfe1 g4 30. Nh4 Ng5) (27. Nd3 Rc8 28.
f4 exf4 29. exf4 g4) 27... exf4 28. exf4 (28. Bxe4 Bxe4 29. exf4 g4 30. Ba1 Re6
) 28... Re8 29. Qc2 ({Zäher war} 29. Qd3 g4 (29... Qh5 $2 30. Nf3 gxf4 31. Nh4
Nxg3 32. hxg3 Re3 33. Qxf5 Rxg3 34. Qxh5 Rxh5 35. Rxf4 Rxh4 36. Rxh4 Rxg2+ 37.
Kf1 Rxb2 38. Re1) 30. Rc2 Qe6 31. Ba1 Rh5 32. Bb2 Qh6 33. Bh1 Re6 34. Rg2 Nxg3
35. Qxg3 Rh3 36. Qf2 g3) 29... g4 $6 (29... Rxh2 30. Kxh2 Qh5+ 31. Kg1 Nxg3 $19
) 30. Bxe4 (30. Ba1 Rxh2 31. Qb2 (31. Kxh2 Qh5+ 32. Kg1 Nxg3 33. Rf2 Bxg2 34.
Rxg2 Qh1+ 35. Kf2 Re2+ 36. Qxe2 Nxe2 37. Kxe2 Qh6 38. Rf2 Nxc4 $19) 31... Qg6
32. Kxh2 Qh6+ 33. Kg1 Nxg3 34. Rf2 Bxg2 35. Rxg2 Qh1+ 36. Kf2 Re2+) 30... Rxe4
31. Qc3 Rd4 32. Nc2 Na4 (32... Rxh2 $1 33. Kxh2 Qh5+ 34. Kg1 Na4 (34... Qh1+
35. Kf2 Qg2+ 36. Ke1 Na4)) 33. Qa5 Rxc4 34. Ne3 Re4 35. Qd8+ Re8 36. Nxf5 Rg6
37. Qg5 Qd5 38. Nh6+ Kf8 39. Qxd5 Bxd5 0-1

[Event "Sigeman & Co 13th"]
[Site "Malmo/Copenhagen"]
[Date "2005.04.17"]
[Round "3"]
[White "Palo, Davor"]
[Black "Hansen, Curt"]
[Result "0-1"]
[WhiteElo "2525"]
[BlackElo "2633"]
[Annotator "Mueller,Karsten"]
[PlyCount "126"]
[EventDate "2005.04.15"]
[EventType "tourn"]
[EventRounds "9"]
[EventCountry "SWE"]
[EventCategory "13"]
[SourceTitle "CBM 107"]
[Source "ChessBase"]
[SourceDate "2005.08.01"]
[SourceVersion "1"]
[SourceVersionDate "2005.08.01"]
[SourceQuality "1"]

1. d4 Nf6 2. c4 e6 3. Nf3 b6 4. Nc3 Bb4 5. Bg5 h6 6. Bh4 Bxc3+ 7. bxc3 d6 8.
Nd2 Nbd7 9. e4 e5 10. Bd3 Nf8 11. Nf3 Ng6 12. Bg3 Qe7 13. Nh4 Nxh4 14. Bxh4 g5
15. Bg3 Bb7 16. f3 Nh5 17. Qa4+ Qd7 18. Qxd7+ Kxd7 19. O-O-O f6 20. c5 Ke7 21.
cxd6+ cxd6 22. Rd2 Rac8 23. Kb2 Nxg3 24. hxg3 h5 25. f4 exf4 26. gxf4 gxf4 27.
Rh4 Rcg8 28. Rxf4 Rg4 29. Rdf2 Rxf4 30. Rxf4 Rg8 31. Bf1 Rg4 32. Rf5 h4 33. e5
fxe5 34. dxe5 Bxg2 35. exd6+ Kxd6 36. Bxg2 Rxg2+ 37. Kb3 h3 38. Rh5 h2 39. a4
a5 40. Kc4 Rd2 41. Rh4 Ke6 42. Kb5 Rb2+ 43. Ka6 Kf5 44. c4 Kg5 45. Rh8 Kg4 46.
Rh6 Kg5 47. Rh8 Kf4 48. Rh6 Kg3 49. Rg6+ Kf2 50. Rh6 Kg1 51. Rg6+ Rg2 52. Rxb6
Rg5 53. Rh6 $2 (53. Rb1+ {hätte das entscheidende Tempo gewonnen:} Kg2 54. Kb6
h1=Q 55. Rxh1 Kxh1 56. c5 $11) 53... h1=Q 54. Rxh1+ Kxh1 55. Kb6 Kg2 56. c5 Kf3
57. c6 (57. Kxa5 Ke4 $1 {typischerweise hat das Heranführen des Königs
Priorität.} (57... Rxc5+ $2 58. Kb6 $11) 58. Kb6 Kd5 59. c6 Rg6 60. a5 Rxc6+
61. Kb7 Kc5 62. a6 Rb6+ $19) 57... Ke4 58. c7 Rg8 59. Kxa5 (59. Kb7 Kd5 60.
c8=Q Rxc8 61. Kxc8 Kc5 62. Kc7 Kb4 63. Kd6 Kxa4 64. Kc5 Kb3 $19) 59... Kd5 60.
Kb6 Kd6 61. a5 Kd7 62. Kb7 (62. a6 Rg1 (62... Rc8 $2 {ist nun wegen} 63. a7 $11
{falsch.}) 63. a7 Rb1+ 64. Kc5 Ra1 65. Kb6 Kc8 $19) 62... Rc8 63. a6 Rxc7+ (
63... Rxc7+ 64. Kb6 (64. Kb8 Kc6 65. a7 Rb7+ 66. Ka8 Rh7 67. Kb8 Rh8#) 64...
Rc1 65. a7 Rb1+ 66. Ka6 Kc7 67. a8=N+ Kc6 68. Ka7 Rb4 $22 $19) 0-1

[Event "Gibraltar Masters 15th"]
[Site "Caleta"]
[Date "2017.02.02"]
[Round "10"]
[White "Edouard, Romain"]
[Black "Nakamura, Hikaru"]
[Result "0-1"]
[WhiteElo "2613"]
[BlackElo "2785"]
[Annotator "Navara,D"]
[PlyCount "70"]
[EventDate "2017.01.24"]
[EventType "swiss"]
[EventRounds "10"]
[EventCountry "GGB"]
[SourceTitle "CBM 177"]
[Source "ChessBase"]
[SourceDate "2017.03.16"]
[SourceVersion "1"]
[SourceVersionDate "2017.03.16"]
[SourceQuality "1"]

{Before the last round, David Anton Guijarro was leading by half a point.
Romain Edouard and Hikaru Nakamura were amongst the 8 players who were half a
point behind.} 1. d4 Nf6 2. c4 e6 3. Nc3 Bb4 4. Nf3 O-O 5. Bg5 c5 6. Rc1 (6. d5
{might lead to a Benoni-like type of pawn structure with mutual chances and no
connection to the true Benoni.}) 6... h6 7. Bh4 cxd4 8. Nxd4 d5 9. e3 (9. cxd5
g5 $1 10. Bg3 Qxd5 11. e3 Qxa2 {Cavajda - Peuraniemi, 2012, corr. The game
eventually finished in a draw.}) 9... e5 $5 {This idea was (first?) played by
GM Alexey Kuzmin back in 1987. Hikaru Nakamura was born in that year, while
Romain Edouard is even several years younger.} 10. Nf3 d4 {This idea must have
surprised White, who started spending a lot of time. For good reason, as the
position is very tricky and any mistake might have serious consequences.} 11.
exd4 exd4 12. Nxd4 $6 {This might be inaccurate.} (12. Qxd4 {was probably
better.} Qe7+ (12... g5 13. Bg3 Re8+ 14. Be2 Qe7 15. O-O Nc6 16. Qe3 Bxc3 17.
bxc3 Qxe3 18. fxe3 Ne4 {Lednev - Peuraniemi, 2011, corr. That game also
finished peacefully.}) 13. Be2 (13. Qe3 Qxe3+ 14. fxe3 Ne4 $44) 13... Re8 14.
O-O (14. Qd2 $1 g5 15. Nxg5 Rd8 16. Qf4 Bd6 17. Qf3 $1 Bg4 18. Qe3 Qxe3 19.
fxe3 Bxe2 20. Nf3 $1 Bxc4 21. Bxf6 {is clearly better for White.}) 14... Nc6
15. Qf4 Bxc3 16. bxc3 (16. Rxc3 $1 Qxe2 17. Bxf6 gxf6 18. Qxh6 $44) 16... Qxe2
17. Rce1 Re4 $1 18. Qc1 (18. Qc7 $1 Qxf3 $1 19. gxf3 Rxh4 $17) 18... Qxf3 19.
gxf3 Rxh4 20. Re3 Rxc4 21. Rd1 Rc5 22. f4 Bf5 23. Qa3 b6 24. Qa4 Rc8 25. Rd6
Nd5 26. Re1 Nxc3 27. Qa6 Nb5 28. Rd2 {0-1 (28) Barsov,A-Kuzmin,A (2440)
Tashkent 1987}) 12... Qb6 {White is already facing some problems.} 13. Nf3 $6 (
13. a3 $1 {was stronger, e.g.} Rd8 14. Bxf6 $1 Qxf6 15. axb4 Rxd4 16. Qe2 ({or
} 16. Qf3 Qxf3 17. gxf3 {. Still, it is White who has to fight for equality,
as his kingside is seriously underdeveloped. True, so is Black's queenside,
but he can activate his pieces with tempi (...Nc6, ...Be6).})) 13... Rd8 (13...
g5 14. Bg3 Rd8 {is a mere transposition.}) 14. Qc2 g5 $1 {Black can afford to
play such a move due to his (prospective) lead in development. White is short
of time to attack Black's king.} 15. Bg3 Nc6 16. Bd3 {White is lacking one
tempo to complete his development. Black needs to act energetically. Hikaru
played very quickly until this moment, but here he spent over half an hour.} g4
$1 17. Nh4 (17. Nd2 Ba5 $5 {creates the threats 18...Nb4, 18...Nd4 and 18...
Qd4. Still, White might hold after} 18. a3 Qd4 19. Bh4 {, but he needs to see
some tricks like} Ne5 $6 (19... Qxd3 $1 20. Qxd3 Rxd3 21. Bxf6 Bf5 22. Nf1 $1
Rd6 23. b4 $1 Rxf6 24. bxa5 Ne5 $1 {is still slightly preferable for Black.})
20. O-O $1 Nxd3 21. Nb3 {, regaining the material. Not an easy task!}) 17...
Bf8 (17... Ba5 $5 18. a3 Nd4 19. Qb1 Re8+ 20. Kf1 Nb3 21. Rd1 Bxc3 22. bxc3 Nc5
{might have been slightly better for Black, but this is very difficult to
assess unless you are analysing the game with a strong engine like me.}) 18.
Qb1 $1 {This modest retreat is the best way to parry the threat 18...Nb4.} Re8+
19. Kf1 {The position is approximately balanced, but Hikaru was in his element.
He plays such positions superbly, as I can confirm (too) many times.} Be6 20.
h3 (20. Nf5 $1 {is Komodo's choice and perhaps rightly so, but it looks more
logical to bring the king into safety.}) 20... Nh5 $1 21. Ne4 {This is not the
best move, but White's task was rather hard.} ({Being equipped with Komodo, I
tried to discover what happens after} 21. Nf5 {. You are not obliged to read
it, of course. I would not if I were just a reader.} Rad8 $1 ({A spectacular
line} 21... Nb4 22. hxg4 Nxg3+ 23. Nxg3 Nxd3 24. Qxd3 Qxb2 25. Rb1 Rad8 $1 26.
Nd5 $1 Bxd5 $1 27. cxd5 Rxd5 $1 28. Qb3 $1 {might lead to approximate equality.
}) 22. Nd5 (22. hxg4 $2 Bxf5 23. gxf5 Nxg3+ 24. fxg3 Nb4 {and the black rooks
join the attack with decisive effect.}) 22... Bxd5 23. cxd5 Rxd5 24. hxg4 (24.
Bc4 Nxg3+ (24... Rd2 $6 25. Nxh6+ $1 Kg7 26. Nf5+ Kg8 (26... Kh8 $2 27. hxg4 {
and there is no check on g3.}) 27. Nh6+ $11) 25. Nxg3 Rd6 26. hxg4 (26. Nf5 g3
$3 (26... Rd2 $2 27. Nxh6+ $1) 27. Nxg3 (27. fxg3 $2 Rf6 28. g4 Qe3 {and White
is helpless against numerous threats.}) 27... Rf6 28. Nf5 Bc5 {with a strong
attack. White badly misses his kingside rook.}) 26... Ne5 27. Be2 Rd2 {with
Black's initiative.}) 24... Nxg3+ 25. Nxg3 Ne5 26. Be2 Rd2 $36) 21... Nxg3+ ({
Computers like} 21... gxh3 22. gxh3 {and now for example} Rad8 {, but it does
not look very logical to open the g-file.} (22... Kh8 $5)) ({Even} 21... f5 {
might be good, but the exhaustive analysis would also be fairly exhausting.})
22. Nxg3 Rad8 23. hxg4 Ne5 $1 24. Be2 Bxg4 ({Komodo rightly prefers} 24... Bxc4
$1 {, but the organizers rightly prefer human chess to impersonal computer
competitions. And we are thankful to them! White's back rank problems would
tell, as the following lines show:} 25. Rxc4 (25. Bxc4 $2 Nxc4 26. Rxc4 Rd2 $1
27. Kg1 (27. Rf4 Qxb2 28. Qxb2 Rd1#) 27... Qxf2+ 28. Kh2 Re3 $1 29. Ngf5 Bd6+
30. Nxd6 Qxh4+ 31. Kg1 Qf2+ 32. Kh2 Qxg2#) 25... Nxc4 26. Bxc4 {gives Black a
pleasant choice.} {, while} Rd2 $1 (26... Qxb2 $6 {allows} 27. Bxf7+ $1 (27.
Qg6+ $2 Kh8 $1) 27... Kxf7 28. Qg6+ Ke7 29. Kg1 {with some counterplay.}) 27.
Kg1 Qxf2+ 28. Kh2 Re3 $1 29. Bxf7+ Qxf7 {is rather bad for White.}) 25. Bxg4 $2
{This move loses. White probably missed Black's 26th move. He did not have
much time left.} ({Both} 25. f3) (25. Nf3 {were better. Black would maintain
his initiative, but not more.}) 25... Nxg4 26. Qc2 Bb4 $1 {Black intends 27...
Rd2 and there is no sensible way to parry the threat.} 27. c5 (27. Nf3 Rd2 $1
28. Nxd2 Qxf2#) 27... Qa6+ (27... Qb5+ 28. Kg1 Bxc5 $5 {was even quicker, as}
29. Qxc5 {fails to} Qxc5 30. Rxc5 Rd1+ 31. Nf1 Ree1 {with decisive mate(rial
gains). But the text is good enough.}) 28. Kg1 Be1 29. Rh3 Bxf2+ 30. Kh1 Re1+
31. Rxe1 Bxe1 32. Nf3 Nf2+ 33. Kh2 Nxh3 34. Nxe1 Ng5 35. Qc3 Qg6 {White
survived the attack, but his position was left in ruins. Being an exchange
down with a weak king and no compensation, he respectfully resigned. It is not
easy to defeat a solid GM with the black pieces, but Hikaru displayed very
powerful play in a must-win situation.} 0-1

[Event "Oakham YM"]
[Site "Oakham"]
[Date "1986.??.??"]
[Round "6"]
[White "Schandorff, Lars"]
[Black "Emms, John M"]
[Result "1/2-1/2"]
[WhiteElo "2335"]
[BlackElo "2305"]
[Annotator "Nunn,J"]
[PlyCount "76"]
[EventDate "1986.04.??"]
[EventType "swiss"]
[EventRounds "9"]
[EventCountry "ENG"]
[SourceTitle "MCL"]
[Source "ChessBase"]
[SourceDate "1999.07.01"]
[SourceVersion "1"]
[SourceVersionDate "1999.07.01"]
[SourceQuality "1"]

1. d4 Nf6 2. Nf3 e6 3. c4 b6 4. Nc3 Bb4 5. Qb3 a5 6. g3 Bb7 7. Bg2 O-O 8. O-O
Na6 9. Bg5 Bxc3 10. bxc3 h6 11. Bxf6 Qxf6 12. c5 Rfb8 13. cxb6 cxb6 14. Rfe1 b5
15. e4 Qd8 16. a3 Nc7 17. Ne5 d6 18. Nd3 Qd7 19. f4 Qc6 20. Re2 Qc4 21. Qc2 b4
22. axb4 axb4 23. Rxa8 Rxa8 24. Nxb4 Nb5 25. Na2 Ra3 26. Rd2 Nxc3 27. Nxc3 Rxc3
28. Qb2 Ba6 29. g4 Rd3 $2 (29... Rf3 $1 {/\ Rf1, Rf4} 30. Rf2 (30. Rd1 Rxf4 31.
Qb8+ Kh7 32. Qxd6 Rxg4 $19) 30... Rb3 31. Qa2 (31. Qa1 Rc3 32. Bf1 Rc1 $19)
31... Qc1+ 32. Bf1 Bxf1 33. Rxf1 Qe3+ 34. Rf2 Rd3 $17) 30. h3 Rxd2 31. Qxd2 Bb7
32. Qb2 Qc7 33. Kh2 Qc6 34. Kg3 Qc7 35. h4 Ba6 36. h5 Bd3 37. Qa3 Bb5 38. e5 d5
1/2-1/2